000 01015cam a22003011 4500
001 24613
003 BD-RjUL
005 20211209001056.0
008 140315r19671946enkb b 001 0 eng
020 _a0034005542
035 _a(BD-RjUL)24682
035 _a(OCoLC)2233083
040 _aDLC
_cFJUNF
_dOCoLC
_dOrPS
_dDLC
_dBD-RjUL
_beng
041 _aeng
082 _a942.072
_bROC 1967
100 1 _aRobertson, Charles Grant,
_d1869-1948.
_975754
245 1 0 _aChatham and the British Empire /
_cby Sir Charles Grant Robertson.
260 _aLondon :
_bEnglish Universities Press,
_c[Reprinted 1967].
300 _axiii, 200 p. :
_bill., map ;
_c18 cm.
490 0 _aTeach yourself history library
500 _a"First printed July 1946." "Books on Chatham": p. 197-198.
504 _aIncludes index.
600 1 0 _aPitt, William,
_cEarl of Chatham,
_d1708-1778.
_975131
651 0 _aGreat Britain
_xHistory
_y18th century.
_975755
942 _2ddc
_cBK
999 _c24613
_d24613